000 01086cam a2200301Li 4500
001 92662
005 20230411090050.0
008 090708s2009 fr f 000 0 fre d
035 _a(OCoLC)ocn470608485
040 _aBDF
_bfre
_cBDF
016 7 _aFRBNF420161220000001
_2FrPBN
020 _a9789264056930 (br)
020 _a9264056939 (br)
035 _a(OCoLC)470608485
082 1 _a361
_222
049 _aGRAL
110 2 _aOrganisation de cooperation et de developpement economiques.
_4aut
245 1 0 _aPanorama de la societe 2009 :
_bles indicateurs sociaux de l'OCDE /
_cOrganisation de cooperation et de dâeveloppement economiques.
260 _aParis :
_bEditions OCDE,
_ccop. 2009.
300 _a1 vol. (137 p.) :
_bill. ;
_c27 cm.
500 _aNotes bibliogr.
650 7 _aIndicateurs sociaux
_zPays de l'OCDE.
_2ram
856 4 2 _3Notice et cote du catalogue de la Bibliotháeque nationale de France
_uhttp://catalogue.bnf.fr/ark:/12148/cb420161220
886 1 _2intermrc
_a009
_baa-d-r-s-----------
942 _2lcc
_cbk
994 _aC0
_bDRFGD
946 _anc
999 _c111867
_d111867